000 01113cas a2200337 a 4500
005 20260322212008.0
008 data
010 _a 2003209421
_z 96169295
_z 96169295
012 _a-3-7-0311250474-p-----
020 _a0864427131
020 _a9780864427137
040 _aNjWhiM
_cNjWhiM
_dDLC
_dOCoLC
_dDLC
042 _alc
043 _ae-bw---
_ae-un---
_ae-bw---
050 0 0 _aDK16
_b.R87
092 _a914.704 R969 2000
245 1 0 _aRussia, Ukraine & Belarus.
_cLonely Planet Publications (Firm).
246 3 0 _aRussia, Ukraine and Belarus
250 _a2d edition
260 _aOakland, CA :
_aOakland, CA :
_bLonely Planet Publications,
_cc1996-2000.
300 _a976 p.
_bill., maps ;
_c19 cm.
362 0 _a1st ed. (1996)-2nd ed. (2000).
490 1 _a1996: Lonely Planet travel survival kit
651 0 _aRussia (Federation)
_vGuidebooks.
651 0 _aBelarus
_vGuidebooks.
651 0 _aUkraine
_vGuidebooks.
720 2 _aLonely Planet Publications (Firm)
785 0 1 _tRussia & Belarus
_w(OCoLC)52725435
_w(OCoLC)52725435
830 0 _aLonely Planet travel survival kit.
001 data
999 _c158
_d158